Born in Brooklyn Quiz Stats

 Plays Quiz Updated May 20, 2015

Also try: Born in New York
Challenge
Share
Tweet
Score 0/25 Timer 06:00
2 Plays Today
% Correct
Adam Sandler
95.4%
Eddie Murphy
93.1%
Michael Jordan
89.3%
Jerry Seinfeld
87.8%
Jay-Z
86.5%
Jimmy Fallon
85.4%
Anne Hathaway
83.5%
Joan Rivers
77.9%
Barbra Streisand
73.9%
Larry David
65.5%
Steve Buscemi
64.9%
Mary Tyler Moore
62.3%
Mel Brooks
53.5%
% Correct
Rudy Giuliani
52.3%
Vince Lombardi
52.3%
Marisa Tomei
51.1%
Joe Torre
50.9%
Debra Messing
50.2%
Neil Diamond
49.9%
Harvey Keitel
40.8%
Mickey Rooney
40.5%
Carl Sagan
34.7%
Pat Benatar
33.5%
Lou Reed
31.7%
Rita Hayworth
19.2%

You're not logged in!

Compare scores with friends on all Sporcle quizzes.
OR
Log In

You Might Also Like...

Show Comments

Extras

Top Quizzes Today


Score Distribution

Your Account Isn't Verified!

In order to create a playlist on Sporcle, you need to verify the email address you used during registration. Go to your Sporcle Settings to finish the process.

Report this User

Report this user for behavior that violates our Community Guidelines.

Details: